Fundamentals of robotics : Analysis and control (Record no. 170845)

MARC details
000 -LEADER
fixed length control field 00379nam a2200145Ia 4500
008 - FIXED-LENGTH DATA ELEMENTS--GENERAL INFORMATION
fixed length control field 231217s9999 xx 000 0 und d
041 ## - LANGUAGE CODE
Language code of text/sound track or separate title English
082 ## - DEWEY DECIMAL CLASSIFICATION NUMBER
Classification number 629.892 YAS;1 R
100 ## - MAIN ENTRY--PERSONAL NAME
Personal name Yashikawa, Tsuneo
245 #0 - TITLE STATEMENT
Title Fundamentals of robotics : Analysis and control
260 ## - PUBLICATION, DISTRIBUTION, ETC.
Date of publication, distribution, etc. 1990
Name of publisher, distributor, etc. PHI
Place of publication, distribution, etc. New Delhi
300 ## - PHYSICAL DESCRIPTION
Extent x+285
650 ## - SUBJECT ADDED ENTRY--TOPICAL TERM
Topical term or geographic name entry element robotics,:,control
942 ## - ADDED ENTRY ELEMENTS (KOHA)
Koha item type Books
Holdings
Date last seen Total checkouts Full call number Accession number Cost, total (INR) price Price effective from Category Lost status Damaged status Department Withdrawn status Home library Current library Shelving location Entry date Vendor Cost, normal purchase price Grants Billnumber Billdate Currency symbol Conversion rate Discount Old discount
26/01/2024   629.892 YAS;1 R 25582 140.00 26/01/2024 Books     Central Library   Central Library Central Library Central Library 11/02/2004 LBPD- L.B. Publishers & Distributors Pvt. Ltd. 175.00 ME 4/36632 27/07/2005 RS 1 35 20

© For any Suggestions or Query, please contact the library staff @ librarian@pes.edu or Phone: +9180 2672 1983/ 2108.